000 01529cam a22003251 4500
001 gs 60000209
003 DLC
005 20260227111409.0
008 770317s1960 dcuab b f000 0 eng c
010 _ags 60000209
040 _aU.S. Geol. Survey. Libr.
_cak
_dDLC
043 _an-us-ak
050 0 0 _aTC801
_b.U2 no. 1494
051 _aQE84.M3
_bT69
082 0 0 _a557.983
100 1 _aTrainer, Frank W.
_q(Frank Wilson),
_d1921-
245 0 0 _aGeology and ground-water resources of the Matanuska Valley agricultural area, Alaska.
260 _aWashington :
_bU.S. Govt. Print. Off.,
_c1960.
300 _av, 116 p. :
_bmaps (1 col.), diagrs., tables ;
_c24 cm.
490 1 _aUnited States. Geological Survey. Water-supply paper
_v1494
500 _aPart of illustrative matter folded in pocket.
501 _aTC801.U2 no. 1494 Copy 1 with : Compilation of records of surface waters of the United States through September 1950. pt.8. Western Gulf of Mexico Basins. Washington, D.C. : U.S. G.P.O., 1960. Bound together subsequent to publication.
_5DLC
501 _aTC801.U2 no. 1494 copy 2 with : Bibliography of publications relating to ground water. Washington, D.C. : U.S. G.P.O., 1957. Bound together subsequent to publication.
_5DLC
504 _aBibliography: p. 72-74.
650 0 _aGeology
_zAlaska
_zMatanuska Valley.
650 0 _aGroundwater
_zAlaska
_zMatanuska Valley.
650 0 _aWater-supply
_zAlaska
_zMatanuska Valley.
830 0 _aGeological Survey water-supply paper ;
_v1494.
999 _c29452
_d29452